Normal view
MARC view
- Paul D. Chaeties
Entry Personal Name
001 - CONTROL NUMBER
- control field: 2555
003 - CONTROL NUMBER IDENTIFIER
- control field: OSt
005 - DATE AND TIME OF LATEST TRANSACTION
- control field: 20191210190409.0
008 - FIXED-LENGTH DATA ELEMENTS
- fixed length control field: 191210|| aca||aabn | a|a d
040 ## - CATALOGING SOURCE
- Original cataloging agency: OSt
- Transcribing agency: OSt
100 ## - HEADING--PERSONAL NAME
- Personal name: Paul D. Chaeties
670 ## - SOURCE DATA FOUND
- Source citation: Work cat.: (OSt)2004: Paul D. Chaeties, Sales-pro ; Sales Management Simulation, 1989
